000 00501nam a2200181Ia 4500
005 20250508153625.0
008 008 250505s9999 xx 000 0 eng d
037 _aTextual
040 _aFEDL
_beng
_cFEDL
041 _aeng
_2eng
084 _a373, BEN
_qFEDL
100 _aBent Rudyard K
245 0 _aPrinciples of secondary education
260 _aNew York, USA
_bMcGraw-Hill Book Company
_c1941
300 _axiii,594p.
942 _cTEXL
_h373, BEN
999 _c1344492
_d1344492